Подробности
| 000 -МАРКЕР |
| контрольное поле |
04037nam0a2200433 4500 |
| 001 - ИДЕНТИФИКАТОР ЗАПИСИ |
| контрольное поле |
RU\NLR\BIBL_A\010876689 |
| 005 - ИДЕНТИФИКАТОР ВЕРСИИ |
| контрольное поле |
20260601075811.0 |
| 010 ## - МЕЖДУНАРОДНЫЙ СТАНДАРТНЫЙ НОМЕР КНИГИ (ISBN) |
| Номер (ISBN) |
978-5-17-092475-2 |
| Тираж |
2000 |
| 021 ## - НОМЕР ГОСУДАРСТВЕННОЙ РЕГИСТРАЦИИ |
| Код страны |
Российская Федерация |
| Номер |
2015-73555 |
| Номер Листа государственной регистраци |
4424 |
| 035 ## - ДРУГИЕ СИСТЕМНЫЕ НОМЕРА |
| Идентификатор записи |
(NILC)RuMoRGB-008028199 |
| 035 ## - ДРУГИЕ СИСТЕМНЫЕ НОМЕРА |
| Идентификатор записи |
(NLR Aleph) 010876689 |
| 100 ## - ДАННЫЕ ОБЩЕЙ ОБРАБОТКИ |
| Данные общей обработки |
20151028d2015 |||y0rusy50 ca |
| 101 0# - ЯЗЫК РЕСУРСА |
| Язык текста, звукозаписи и т.д. |
русский |
| 102 ## - СТРАНА ПУБЛИКАЦИИ ИЛИ ПРОИЗВОДСТВА |
| Страна публикации |
Российская Федерация |
| 105 ## - ПОЛЕ КОДИРОВАННЫХ ДАННЫХ: ТЕКСТОВЫЕ МАТЕРИАЛЫ, МОНОГРАФИЧЕСКИЕ |
| Кодированные данные о монографическом текстовом документе |
ac||z|||000yy |
| 200 1# - ЗАГЛАВИЕ И СВЕДЕНИЯ ОБ ОТВЕТСТВЕННОСТИ |
| Основное заглавие |
Большая книга актерского мастерства |
| Сведения, относящиеся к заглавию |
уникальное собрание тренингов по методикам величайших режиссеров |
| -- |
[пособие для начинающего актера] |
| Первые сведения об ответственности |
Станиславский, Мейерхольд, Чехов, Товстоногов |
| Последующие сведения об ответственности |
[Вера Полищук, Эльвира Сарабьян] |
| 210 ## - ПУБЛИКАЦИЯ, РАСПРОСТРАНЕНИЕ И ДР. |
| Место издания, распространения и т.д. |
Москва |
| Имя издателя, распространителя и т. д. |
АСТ |
| -- |
Прайм |
| Дата издания, распространения и т.д. |
2015 |
| 215 ## - ФИЗИЧЕСКАЯ ХАРАКТЕРИСТИКА |
| Специфическое обозначение материала и объем |
789 с. |
| Другие сведения о физической характеристике |
ил., портр. |
| Размеры |
22 |
| 225 1# - СЕРИЯ |
| Основное заглавие серии |
АктерТренинг |
| 300 ## - ОБЩИЕ ПРИМЕЧАНИЯ |
| Текст примечания |
На 4-й с. обл.: Уникальные упражнения и авторские тренинги Константина Станиславского, Георгия Товстоногова, Всеволода Мейерхольда и Михаила Чехова - впервые под одной обложкой! |
| 311 ## - ПРИМЕЧАНИЯ, ОТНОСЯЩИЕСЯ К ПОЛЯМ СВЯЗИ (ПРИМЕЧАНИЯ О СВЯЗИ С ДРУГИМИ ПРОИЗВЕДЕНИЯМИ (ИЗДАНИЯМИ)) |
| Текст примечания |
Пособие составлено по книгам: Э. Сарабьян: "Актерский тренинг по системе Станиславского. Настрой. Состояния. Партнер. Ситуации"; "Актерский тренинг по системе Станиславского. Интеллект. Воображение. Эмоции. Метод действенного развития"; "Актерский тренинг по системе Г. Товстоногова". В. Полищук: "Книга актерского мастерства. Всеволод Мейерхольд"; "Актерский тренинг Михаила Чехова" |
| 320 ## - ПРИМЕЧАНИЯ О НАЛИЧИИ В ДОКУМЕНТЕ БИБЛИОГРАФИИ / УКАЗАТЕЛЯ |
| Текст примечания |
Библиогр. в конце разделов |
| 320 ## - ПРИМЕЧАНИЯ О НАЛИЧИИ В ДОКУМЕНТЕ БИБЛИОГРАФИИ / УКАЗАТЕЛЯ |
| Текст примечания |
Фильмогр. Михаила Чехова: с. 607 |
| 488 #0 - ДРУГИЕ ВЗАИМОСВЯЗАННЫЕ ПРОИЗВЕДЕНИЯ (ДОКУМЕНТЫ) |
| Встроенное поле |
2001#$aАктерский тренинг по системе Станиславского. Настрой. Состояния. Партнер. Ситуации$aАктерский тренинг по системе Станиславского. Интеллект. Воображение. Эмоции. Метод действнного развития$aАктерский тренинг по системе Г. Товстоногова$fЭ. Сарабьян |
| -- |
700#1$aСарабьян$bЭ.$gЭльвира |
| Заглавие |
Актерский тренинг по системе Г. Товстоногова |
| Автор |
Сарабьян, Эльвира |
| 488 #0 - ДРУГИЕ ВЗАИМОСВЯЗАННЫЕ ПРОИЗВЕДЕНИЯ (ДОКУМЕНТЫ) |
| Встроенное поле |
2001#$aКнига актерского мастерства. Всеволод Мейерхольд$aАктерский тренинг Михаила Чехова$fВ. Полищук |
| -- |
700#1$aПолищук$bВ.$gВера |
| Заглавие |
Актерский тренинг Михаила Чехова |
| Автор |
Полищук, Вера |
| 606 1# - НАИМЕНОВАНИЕ ТЕМЫ КАК ПРЕДМЕТ |
| Наименование темы |
Актерское искусство |
| Системный номер авторитетной/нормативной записи |
2100517 |
| Идентификатор авторитетной/нормативной записи |
RU\NLR\AUTH\661270415 |
| 675 ## - УНИВЕРСАЛЬНАЯ ДЕСЯТИЧНАЯ КЛАССИФИКАЦИЯ (UDC/УДК) |
| Индекс |
792 |
| 686 1# - ИНДЕКСЫ ДРУГИХ КЛАССИФИКАЦИЙ |
| Индекс |
Щ334.076 |
| 701 #1 - ИМЯ ЛИЦА - АЛЬТЕРНАТИВНАЯ ОТВЕТСТВЕННОСТЬ |
| Код отношения |
Автор |
| Графика поля |
Кириллица |
| Материалы, к которым относится поле |
rus |
| Начальный элемент ввода |
Станиславский |
| Часть имени, кроме начального элемента ввода |
К. С. |
| Даты |
1863-1938 |
| Расширение инициалов личного имени |
Константин Сергеевич |
| Системный номер авторитетной/нормативной записи |
118764 |
| Идентификатор авторитетной/нормативной записи |
RU\NLR\AUTH\778883 |
| 701 #1 - ИМЯ ЛИЦА - АЛЬТЕРНАТИВНАЯ ОТВЕТСТВЕННОСТЬ |
| Код отношения |
Автор |
| Графика поля |
Кириллица |
| Материалы, к которым относится поле |
rus |
| Начальный элемент ввода |
Мейерхольд |
| Часть имени, кроме начального элемента ввода |
В. Э. |
| Даты |
1874-1940 |
| Расширение инициалов личного имени |
Всеволод Эмильевич |
| Системный номер авторитетной/нормативной записи |
119245 |
| Идентификатор авторитетной/нормативной записи |
RU\NLR\AUTH\779414 |
| 701 #1 - ИМЯ ЛИЦА - АЛЬТЕРНАТИВНАЯ ОТВЕТСТВЕННОСТЬ |
| Код отношения |
Автор |
| Графика поля |
Кириллица |
| Материалы, к которым относится поле |
rus |
| Начальный элемент ввода |
Чехов |
| Часть имени, кроме начального элемента ввода |
М. А. |
| Даты |
1891-1955 |
| Расширение инициалов личного имени |
Михаил Александрович |
| Системный номер авторитетной/нормативной записи |
41939 |
| Идентификатор авторитетной/нормативной записи |
RU\NLR\AUTH\7759007 |
| 701 #1 - ИМЯ ЛИЦА - АЛЬТЕРНАТИВНАЯ ОТВЕТСТВЕННОСТЬ |
| Начальный элемент ввода |
Товстоногов |
| Часть имени, кроме начального элемента ввода |
Г.А. |
| Даты |
1915-1989 |
| Расширение инициалов личного имени |
Георгий Александрович |
| Код отношения |
Автор |
| 702 #1 - ИМЯ ЛИЦА - ВТОРИЧНАЯ ОТВЕТСТВЕННОСТЬ |
| Начальный элемент ввода |
Полищук |
| Часть имени, кроме начального элемента ввода |
В. |
| Расширение инициалов личного имени |
Вера |
| Код отношения |
Составитель |
| 801 #0 - ИСТОЧНИК ЗАПИСИ |
| Страна |
Российская Федерация |
| Организация |
РГБ |
| Дата составления |
20150925 |
| Правила каталогизации |
RCR |
| 942 ## - ДОПОЛНИТЕЛЬНЫЕ ЭЛЕМЕНТЫ ЗАПИСИ (АБИС) |
| Тип экземпляра АБИС |
Книга |
| 980 ## - КОЛЛЕКЦИЯ |
| Название коллекции |
Национальная библиография |